Development problems of mineral-exporting countries
Guardado en:
| Formato: | Libro |
|---|---|
| Lenguaje: | inglés |
| Publicado: |
Washington, D.C.
World Bank
1979
|
| Colección: | World Bank Staff Working Paper
no. 354 |
| Etiquetas: |
Sin Etiquetas, Sea el primero en etiquetar este registro!
|
MARC
| LEADER | 00000nam a2200000 4500 | ||
|---|---|---|---|
| 001 | c142366 | ||
| 005 | 20181203150525.9 | ||
| 041 | 0 | |a eng | |
| 044 | |a US | ||
| 245 | 1 | 0 | |a Development problems of mineral-exporting countries |
| 264 | 1 | |a Washington, D.C. |b World Bank |c 1979 | |
| 300 | |a 106 s. | ||
| 490 | 1 | |a World Bank Staff Working Paper |v no. 354 | |
| 830 | 0 | |a World Bank Staff Working Paper |v no. 354 | |